[Event "Madrid-ch Previa-B"]
[Site "Madrid"]
[Date "2009.11.28"]
[Round "9"]
[White "Rojas Pozo, Jose Luis"]
[Black "Torres Sevilla, Cristian"]
[Result "1/2-1/2"]
[WhiteElo "1931"]
[BlackElo "1889"]
[PlyCount "64"]
[EventDate "2009.11.05"]
[EventType "swiss"]
[EventRounds "9"]
[EventCountry "ESP"]
[SourceTitle "CBM 133 Extra"]
[Source "ChessBase"]
[SourceDate "2010.01.05"]
[SourceVersion "1"]
[SourceVersionDate "2010.01.05"]
[SourceQuality "1"]

1. c4 Nf6 2. Nc3 g6 3. g3 Bg7 4. Bg2 0-0 5. d3 e5 6. e4 d6 7. Nge2 c6 8. 0-0 Na6 9. Rb1 Nc7 10. b4 a6 11. a4 b5 12. axb5 axb5 13. cxb5 cxb5 14. Be3 Nd7 15. Qd2 Bb7 16. Bh6 Nb8 17. Bxg7 Kxg7 18. d4 Nc6 19. d5 Ne7 20. f4 f6 21. Kh1 Nc8 22. Rbd1 Nb6 23. fxe5 fxe5 24. Rxf8 Qxf8 25. Rf1 Qe7 26. Nc1 Nc4 27. Qf2 Ra3 28. N1a2 Bc8 29. Rb1 Bd7 30. Bf1 Qe8 31. Bxc4 bxc4 32. Qb2 Rb3 1/2-1/2

[Event "Madrid-ch Previa-B"]
[Site "Madrid"]
[Date "2009.11.05"]
[Round "1"]
[White "Torres Sevilla, Cristian"]
[Black "Zea Ruiz, Elena"]
[Result "1-0"]
[WhiteElo "1889"]
[BlackElo "1646"]
[PlyCount "65"]
[EventDate "2009.11.05"]
[EventType "swiss"]
[EventRounds "9"]
[EventCountry "ESP"]
[SourceTitle "CBM 133 Extra"]
[Source "ChessBase"]
[SourceDate "2010.01.05"]
[SourceVersion "1"]
[SourceVersionDate "2010.01.05"]
[SourceQuality "1"]

1. d4 d5 2. c4 e6 3. Nc3 Nf6 4. cxd5 exd5 5. Bg5 Be7 6. e3 Nbd7 7. Bd3 b6 8. Nge2 Bb7 9. 0-0 a6 10. Qc2 c5 11. Rfe1 Rc8 12. Bf5 b5 13. dxc5 Bxc5 14. Bxf6 Qxf6 15. Bxd7+ Kxd7 16. Rad1 Bb4 17. a3 Bxc3 18. Nxc3 h5 19. Qb3 h4 20. Nxd5 Bxd5 21. Qxd5+ Kc7 22. Rd4 g5 23. Qd7+ Kb8 24. Rd6 Rhd8 25. Qxc8+ Rxc8 26. Rxf6 Rc2 27. Rxf7 Rxb2 28. e4 Ra2 29. e5 Rxa3 30. e6 Kc8 31. Rc1+ Kd8 32. Rd7+ Ke8 33. Rc8# 1-0

[Event "Madrid Codes Memorial 2nd"]
[Site "Madrid"]
[Date "2008.06.01"]
[Round "8"]
[White "Ballesteros Jimenez, Miguel Angel"]
[Black "Torres Sevilla, Cristian"]
[Result "0-1"]
[WhiteElo "2062"]
[BlackElo "1909"]
[PlyCount "108"]
[EventDate "2008.04.13"]
[EventType "swiss"]
[EventRounds "9"]
[EventCountry "ESP"]
[SourceTitle "EXT 2009"]
[Source "ChessBase"]
[SourceDate "2008.11.26"]
[SourceVersion "1"]
[SourceVersionDate "2008.11.26"]
[SourceQuality "1"]

1. e4 c5 2. Nc3 d6 3. f4 g6 4. Nf3 Bg7 5. Bb5+ Nc6 6. 0-0 a6 7. Bxc6+ bxc6 8. d3 Nf6 9. Qe1 0-0 10. Qh4 e5 11. fxe5 dxe5 12. Bh6 Bxh6 13. Qxh6 Ng4 14. Qg5 f6 15. Qd2 Kg7 16. h3 Nh6 17. Qe3 Qa5 18. Nd2 Qb4 19. Nb3 c4 20. a3 Qe7 21. dxc4 Be6 22. c5 Nf7 23. Rad1 Rfd8 24. Na5 Qc7 25. b4 Rxd1 26. Rxd1 Rd8 27. Rxd8 Nxd8 28. Qd3 Qd7 29. Qxd7+ Bxd7 30. Na4 Ne6 31. Nb6 Be8 32. Nac4 Nd4 33. Ne3 Nb5 34. Nec4 Kf7 35. Nd6+ Nxd6 36. cxd6 Ke6 37. c4 Kxd6 38. c5+ Ke6 39. Kf2 f5 40. exf5+ gxf5 41. Kf3 Bg6 42. g4 f4 43. Nc4 Kd5 44. Na5 Be4+ 45. Kf2 Kd4 46. a4 Bd5 47. h4 e4 48. g5 e3+ 49. Ke1 f3 50. h5 f2+ 51. Kf1 Kd3 52. g6 hxg6 53. hxg6 Kd2 54. g7 e2+ 0-1